| 000 | 01101nam a2200289 i 4500 | ||
|---|---|---|---|
| 001 | bg | ||
| 100 | 1 | _aJaśkowski, Kazimierz. | |
| 245 | 1 | 0 |
_aKodeks pracy : _bkomentarz : ustawy towarzyszące z orzecznictwem, europejskie prawo pracy z orzecznictwem. _nT. 1 / _cKazimierz Jaśkowski, Eliza Maniewska ; pod red. Kazimierza Jaśkowskiego. |
| 250 | _a6. wyd., stan prawny na 1 września 2007 r. | ||
| 260 |
_aWarszawa : _bWolters Kluwer Polska, _c2007. |
||
| 300 |
_a1008 s. ; _c22 cm. |
||
| 490 | 1 | _aKomentarze | |
| 650 | 9 |
_aPrawo pracy _zPolska _ystan na 2007 r. |
|
| 650 | 9 |
_aPrawo pracy _xprawo wspólnotowe europejskie _ystan na 2007 r. |
|
| 700 | 1 | _aManiewska, Eliza. | |
| 830 | 0 | _aKomentarze - Wolters Kluwer Polska | |
| 015 | _aPB 25943/2007 | ||
| 020 | _a9788375264968 | ||
| 040 | _cBPK | ||
| 041 | 0 | _apol | |
| 044 | _aPOL | ||
| 080 | _a349.2(438:4-67)(094.4.072) | ||
| 920 |
_a978-83-7526-496-8 : _czł 220 (t. 1/2) |
||
| 942 | _cKS | ||
| 008 | 071129s2007 pl |001 0 pol | ||
| 999 |
_c54675 _d54675 |
||
| 856 |
_uhttp://koha.tu.koszalin.pl/cgi-bin/koha/opac-detail.pl?biblionumber=54675 _yKatalog online BPK |
||